[Event "50th-ITA-ch-Teams-2018"]
[Site "Gallipoli"]
[Date "2018.04.30"]
[Round "6"]
[White "Sellitti, Federico"]
[Black "Zamengo, Fulvio"]
[Result "0-1"]
[WhiteElo "2204"]
[BlackElo "2324"]
[Annotator "TA"]
[PlyCount "90"]
[EventDate "2018.??.??"]
[EventType "team-tourn"]
[EventCountry "ITA"]
[SourceTitle "playchess.com"]
[Source "ChessBase"]
[SourceQuality "1"]

{[%evp 15,90,-19,-22,-44,-37,-68,-112,-108,-29,-25,-31,-31,-24,-28,-25,-44,-16,-22,-9,-35,-21,-22,-19,-16,0,0,0,-2,-5,-7,0,0,0,-7,0,-12,0,-10,-11,-24,0,-19,-19,-28,-18,-16,-18,-46,-46,-124,-118,-231,-230,-182,-160,-395,-400,-529,-496,-526,-527,-507,-504,-554,-541,-879,-877,-892,-857,-690,-471,-629,-602,-1009,-867,-4884,-2542]} 1. e4 e6 2. d4 d5 3. exd5 exd5 4. Bd3 Nf6 5. Ne2 c5 (5... Bd6 6. O-O O-O 7. h3 h6 8. Nd2 Re8 9. Nf3 Ne4 10. b3 Nc6 11. c4 Bf5 12. c5 Be7 13. a3 Bf6 14. b4 {1-0 (56) Fedoseev,V (2718)-Le,Q (2737) Riadh 2017}) 6. dxc5 {C01: French: Exchange Variation} Bxc5 7. O-O O-O 8. c3 Nc6 {LiveBook: 64 Games} 9. Ng3 $146 ({Predecessor:} 9. Bg5 h6 10. Bh4 g5 11. Bg3 Ne4 12. Nd2 f5 13. Nxe4 dxe4 {½-½ (13) Pershin,D (2322)-Usmanov,V (2443) St Petersburg 2017}) 9... Ng4 {Strongly threatening ...Qh4.} 10. Nd2 {[%cal Bb1d2,Bd2b3,Bb3d4][%mdl 32]} Nce5 11. Be2 Nxh2 (11... Qh4 $17 {[%csl Gg4][%cal Rh4h2]} 12. Bxg4 Bxg4) 12. Kxh2 $11 Qh4+ 13. Kg1 Qxg3 14. Nb3 Bb6 15. Qxd5 Ng4 16. Bxg4 $1 Qxg4 17. Nd4 h6 18. Re1 Rd8 19. Qe4 Bc7 20. Qxg4 Bxg4 21. Be3 a6 22. f3 Bd7 23. Rad1 Re8 24. Kf2 Rad8 25. Rd2 f5 {Threatens to win with ...f4.} 26. Nb3 Kf7 27. Red1 (27. f4 {feels hotter.} Bc6 28. Nd4 Be4 29. g3 Rd6 30. Nf3) 27... Bc8 28. Rxd8 Rxd8 29. Bd4 Re8 30. Nc5 g5 31. b4 h5 {[%cal Bh6h5,Bh5h4][%mdl 32]} 32. b5 ({White should play} 32. a4 $15) 32... axb5 $17 33. Rb1 (33. Nd3 $17) 33... h4 $19 34. Nd3 Bd7 35. a4 $2 {[#]} (35. f4 $17) 35... Bg3+ $1 36. Kf1 {[#]} Be6 $1 {[%cal Re6c4] Black is clearly winning.} 37. Kg1 Bc4 38. Nb2 Ba2 39. Ra1 Re2 40. Nd3 Bc4 41. Nc5 bxa4 42. Nxa4 Bd5 43. Nb6 Bc6 44. Rf1 {[#]} g4 $1 {[%cal Bg5g4,Bg4f3][%mdl 544]} 45. Bf2 (45. fxg4 Rxg2+) 45... gxf3 {Precision: White = 39%, Black = 59%.} 0-1

[Event "50th-ITA-ch-Teams-2018"]
[Site "Gallipoli"]
[Date "2018.04.30"]
[Round "6"]
[White "Andreoni, Giuseppe"]
[Black "Sarno, Spartaco"]
[Result "1/2-1/2"]
[WhiteElo "2197"]
[BlackElo "2309"]
[Annotator "TA"]
[PlyCount "49"]
[EventDate "2018.??.??"]
[EventType "team-tourn"]
[EventCountry "ITA"]
[SourceTitle "playchess.com"]
[Source "ChessBase"]
[SourceQuality "1"]

{[%evp 27,28,23,30]} 1. e4 c6 2. d4 d5 3. Nd2 dxe4 4. Nxe4 Bf5 5. Ng3 Bg6 6. h4 h6 7. Nf3 Nd7 8. h5 Bh7 9. Bd3 Bxd3 10. Qxd3 e6 11. Bd2 Ngf6 12. O-O-O Qc7 13. Ne4 O-O-O 14. g3 Nxe4 {[#] LiveBook: 832 Games. B19: Classical Caro-Kann: 4...Bf5 main line} {Predecessor:} 15. Qxe4 $146 Nf6 16. Qe2 Bd6 17. Kb1 Kb8 18. c4 c5 19. Bc3 cxd4 20. Nxd4 a6 21. Nb3 Qc6 22. Rh4 Bc7 23. Rc1 Rhe8 24. c5 e5 25. Ba5 {1-0 (41) Safarli,E (2641)-Paichadze,L (2581) Kocaeli 2017} 1/2-1/2

[Event "50th-ITA-ch-Teams-2018"]
[Site "Gallipoli"]
[Date "2018.05.01"]
[Round "7"]
[White "Sadzikowski, Daniel"]
[Black "Vazquez Igarza, Renier"]
[Result "1/2-1/2"]
[WhiteElo "2582"]
[BlackElo "2558"]
[Annotator "TA"]
[PlyCount "24"]
[EventDate "2018.??.??"]
[EventType "team-tourn"]
[EventCountry "ITA"]
[SourceTitle "playchess.com"]
[Source "ChessBase"]
[SourceQuality "1"]

{[%evp 15,24,49,49,46,83,34,52,52,54,0,13]} 1. d4 Nf6 2. c4 c5 3. d5 d6 4. Nc3 g6 5. e4 Bg7 6. Nge2 b5 7. cxb5 {E70: King's Indian: Miscellaneous lines with 4 e4, including 5 Nge2 and 5 Bd3 0-0 6 Nge2} a6 8. Ng3 h5 {LiveBook: 5 Games} 9. Be2 (9. bxa6 h4 10. Bb5+ Bd7 11. Bxd7+ Nbxd7 12. Nf1 Qa5 13. Nd2 Qxa6 14. Qe2 h3 {0-1 (59) Romanov,E (2623)-Kekelidze,M (2494) Philadelphia 2012}) 9... Nbd7 10. bxa6 Qa5 $146 {[#] ...h4 is the strong threat.} ({Predecessor:} 10... Qb6 11. Qb3 Qc7 12. Nf1 Bxa6 13. Bxa6 Rxa6 14. Nd2 O-O {1-0 (77) Anzis,M (2071)-Wang,A (2090) Irvine 2010}) 11. O-O Bxa6 12. Re1 O-O 1/2-1/2

[Event "50th-ITA-ch-Teams-2018"]
[Site "Gallipoli"]
[Date "2018.05.01"]
[Round "7"]
[White "Ortega, Lexy"]
[Black "Garcia Palermo, Carlos"]
[Result "1-0"]
[WhiteElo "2476"]
[BlackElo "2404"]
[Annotator "TA"]
[PlyCount "75"]
[EventDate "2018.??.??"]
[EventType "team-tourn"]
[EventCountry "ITA"]
[SourceTitle "playchess.com"]
[Source "ChessBase"]
[SourceQuality "1"]

{[%evp 17,75,39,35,12,98,93,97,86,143,121,158,146,210,150,197,215,331,328,582,570,579,585,555,577,564,556,572,546,839,723,870,762,1012,1023,972,960,1148,1074,970,956,1035,955,1112,1097,1237,1243,1029,691,1083,1000,1187,1086,1264,1180,29984,29985,29985,29985,29982,12843]} 1. Nf3 Nf6 2. d4 b6 3. g3 Bb7 4. c4 g6 5. Bg2 Bg7 6. Nc3 O-O 7. O-O e6 8. Qc2 {A50: Queen's Fianchetto Defence (1 d4 Nf6 2 c4 b6)} (8. Bf4 d6 9. Qc2 Nbd7 10. Rad1 Qe7 11. e4 e5 12. Bc1 Rfe8 13. Nd5 Nxd5 14. cxd5 Rac8 15. dxe5 dxe5 {½-½ (68) Wang,Y (2690)-Mamedyarov,S (2804) chess.com INT 2018}) 8... c5 9. dxc5 bxc5 {LiveBook: 3 Games} 10. Bf4 {White is slightly better.} Na6 $146 (10... d5 $11 {remains equal.}) ({Predecessor:} 10... d5 11. Rfd1 Na6 12. Be5 Qe7 13. cxd5 exd5 {1-0 (40) Zeller,F (2424)-Schmittdiel,E (2425) Wuerttemberg 2007}) 11. Bd6 $16 Re8 12. e4 e5 (12... Bf8 $142) 13. a3 {[%cal Ba2a3,Ba3b4][%mdl 32]} ({And not} 13. Nxe5 Re6 $15) 13... Ng4 14. Rfd1 Qb6 (14... Rc8 $16 {is a better defense.} 15. Qb3 Qb6 16. Qxb6 axb6) 15. h3 Nh6 16. b4 {Black must now prevent b5.} cxb4 (16... Qd8 $142 17. Qd2 (17. bxc5 f6 $16) 17... Rc8) 17. axb4 $18 f5 $2 (17... Nxb4 {keeps fighting.} 18. Bxb4 Qxb4) 18. c5 Qd8 {[#]} 19. Rxa6 $1 {[%mdl 512]} Bxa6 20. Qa2+ Nf7 21. Qxa6 Re6 22. h4 {[%cal Bh3h4,Bh4g5][%mdl 32]} Bf8 {[#]} 23. Ng5 $1 Nxg5 24. hxg5 f4 25. Bh3 Rxd6 26. Rxd6 fxg3 27. Rxd7 gxf2+ 28. Kxf2 {Qe6+ would kill now.} Qxg5 29. Qd3 Kh8 30. Qg3 Qf6+ 31. Kg1 Bg7 32. Rd6 Qf7 33. Nd5 a5 34. Rd7 Qf8 35. Nc7 Rb8 36. Ne6 {White mates.} Qf6 37. c6 {[%cal Bc5c6,Bc6c7][%mdl 32]} Bf8 38. c7 {Precision: White = 85%, Black = 17%.} 1-0

[Event "50th-ITA-ch-Teams-2018"]
[Site "Gallipoli"]
[Date "2018.05.01"]
[Round "7"]
[White "Bellia, Fabrizio"]
[Black "Moroni, Luca Jr"]
[Result "1/2-1/2"]
[WhiteElo "2443"]
[BlackElo "2556"]
[Annotator "TA"]
[PlyCount "38"]
[EventDate "2018.??.??"]
[EventType "team-tourn"]
[EventCountry "ITA"]
[SourceTitle "playchess.com"]
[Source "ChessBase"]
[SourceQuality "1"]

{[%evp 21,38,0,0,0,0,0,19,12,33,30,37,29,95,93,94,90,86,96,106]} 1. e4 e5 2. Nf3 Nc6 3. Bb5 a6 4. Ba4 Nge7 5. O-O g6 6. c3 Bg7 7. d4 exd4 8. cxd4 O-O 9. Nc3 b5 {C60: Ruy Lopez: Unusual Black 3rd moves and 3...g6} 10. Bb3 d6 11. h3 Na5 {LiveBook: 145 Games. The position is equal.} 12. Bf4 (12. Be3 Bb7 13. d5 Nxb3 14. Qxb3 c5 15. dxc6 Nxc6 16. a4 Na5 17. Qb4 Nc6 18. Qb3 Na5 19. Qb4 Nc6 20. Qb3 {½-½ (20) Anton Guijarro,D (2654)-Van Kampen,R (2643) Linares 2017}) 12... Bb7 13. Re1 Qd7 14. Bc2 Rad8 15. Qc1 f5 $146 ({Predecessor:} 15... c5 16. Bh6 {1-0 (84) Antipov,M (2511)-Sadzikowski,D (2470) Warsaw 2013}) 16. Bh6 $1 Rde8 (16... fxe4 $11 {remains equal.} 17. Bxe4 Nf5 18. Bxg7 Qxg7) 17. Bxg7 $16 {White is better.} Kxg7 {[#]} 18. d5 $1 fxe4 19. Bxe4 c6 1/2-1/2

[Event "50th-ITA-ch-Teams-2018"]
[Site "Gallipoli"]
[Date "2018.05.01"]
[Round "7"]
[White "Altini, Nicola"]
[Black "Shytaj, Luca"]
[Result "1/2-1/2"]
[WhiteElo "2426"]
[BlackElo "2454"]
[Annotator "TA"]
[PlyCount "65"]
[EventDate "2018.??.??"]
[EventType "team-tourn"]
[EventCountry "ITA"]
[SourceTitle "playchess.com"]
[Source "ChessBase"]
[SourceQuality "1"]

{[%evp 12,65,24,29,30,40,36,35,32,39,51,40,54,56,55,50,75,42,58,52,46,47,54,47,54,54,44,12,23,20,37,16,20,31,27,0,0,0,0,-4,0,0,0,0,0,0,0,0,0,0,0,0,0,0,0,0]} 1. d4 Nf6 2. c4 e6 3. Nf3 Bb4+ 4. Bd2 Qe7 5. g3 Nc6 6. e3 {E11: Bogo-Indian} (6. Nc3 Bxc3 7. Bxc3 Ne4 8. Qc2 Nxc3 9. Qxc3 Qb4 10. Rc1 Qxc3+ 11. Rxc3 b6 12. Bg2 Bb7 13. Ne5 Nd8 14. Bxb7 Nxb7 15. e4 c5 16. d5 Nd6 17. f3 f6 18. Nd3 exd5 19. cxd5 {½-½ (43) Le,Q (2739)-Anand,V (2783) Saint Louis 2017}) 6... O-O 7. Bg2 {LiveBook: 8 Games} a5 8. O-O {White has an edge.} Bxd2 9. Qxd2 $146 ({Predecessor:} 9. Nfxd2 d6 10. Nc3 e5 11. d5 Nb8 12. Qc2 Na6 13. Rae1 Bd7 {0-1 (42) Kolly,J (2295)-Sokolov,A (2563) Lenk 2010}) 9... d6 10. Nc3 Rd8 11. d5 Ne5 12. Nxe5 dxe5 13. Qc2 Bd7 14. Rac1 Qb4 15. b3 c6 16. dxc6 Bxc6 17. Bxc6 bxc6 18. Rfd1 h5 19. Ne4 (19. Na4 {feels hotter.} Qe7 20. h3 Rxd1+ 21. Rxd1 Rd8 22. Kg2) 19... Nxe4 20. Qxe4 a4 21. Qxc6 {Black must now prevent Rxd8+.} (21. Rxd8+ {is more complex.} Rxd8 22. bxa4 Qxa4 23. Qxe5 h4 24. Kg2) 21... axb3 22. axb3 Qxb3 23. Qf3 Rxd1+ {The position is equal.} 24. Qxd1 Qxd1+ 25. Rxd1 $11 {[%mdl 4096] Endgame KR-KR} Kf8 26. Rb1 Ra4 27. c5 Rc4 28. Rb5 e4 29. Kf1 Rc2 30. h4 Ke7 31. Ra5 Kf6 32. c6 e5 33. Ra4 {Precision: White = 67%, Black = 59%.} 1/2-1/2

[Event "50th-ITA-ch-Teams-2018"]
[Site "Gallipoli"]
[Date "2018.05.01"]
[Round "7"]
[White "Aghayev, Miragha"]
[Black "Valsecchi, Alessio"]
[Result "1/2-1/2"]
[WhiteElo "2410"]
[BlackElo "2510"]
[Annotator "TA"]
[PlyCount "72"]
[EventDate "2018.??.??"]
[EventType "team-tourn"]
[EventCountry "ITA"]
[SourceTitle "playchess.com"]
[Source "ChessBase"]
[SourceQuality "1"]

{[%evp 15,72,36,41,0,0,9,6,10,78,85,75,79,75,70,79,67,83,38,40,37,22,0,0,0,0,0,0,0,36,0,0,0,7,0,0,0,0,0,0,0,0,0,0,-12,14,-10,27,-32,-39,-23,0,-31,0,-11,0,0,0,0,14]} 1. d4 Nf6 2. c4 e6 3. Nf3 d5 4. Nc3 Bb4 5. Qa4+ Nc6 6. e3 O-O 7. Bd2 Bd7 {D38: Queen's Gambit Declined: Ragozin Defence (4 Nf3 Bb4)} (7... dxc4 8. Bxc4 Bd6 9. Qc2 e5 10. dxe5 Nxe5 11. Nxe5 Bxe5 12. O-O-O {½-½ (12) Wang,Y (2699)-Le,Q (2739) Ashkhabad 2017}) 8. Qc2 Re8 {LiveBook: 12 Games} 9. Bd3 (9. a3 $5 {[%cal Ra3b4]} Bxc3 10. Bxc3 $14) 9... a6 $146 ({Predecessor:} 9... dxc4 10. Bxc4 e5 11. Nxe5 Nxe5 12. dxe5 Rxe5 13. Qb3 Qe7 14. Bxf7+ Qxf7 15. Qxb4 {0-1 (36) Haasler,A (2258)-Oberhofer,A (2298) Germany 2015}) 10. O-O Bd6 11. a3 h6 (11... dxc4 $11 12. Bxc4 h6) 12. c5 $16 Bf8 13. Ne5 Nxe5 14. dxe5 Ng4 {[#]} 15. f4 $1 h5 $1 16. Ne2 (16. h3 {is more complex.} Nh6 17. b4 b6 18. cxb6 cxb6 19. Rfc1) 16... Bb5 $1 17. Bxb5 axb5 18. c6 Ra6 19. Nd4 bxc6 ({But not} 19... Qh4 $2 20. h3 $16) 20. Nxc6 Qd7 ({Not} 20... Qh4 $2 21. h3 $18) 21. Rfc1 Ra4 {[#] ...Rc4 is the strong threat.} 22. b4 (22. Qb3 {keeps more tension.} Ra6 23. Qc3 Nh6 24. Rc2 Ra4 25. b4) 22... Rea8 23. Qc3 (23. h3 {seems wilder.} Nh6 24. Nd4 Nf5 25. Nxf5 exf5 26. Qxc7 Qxc7 27. Rxc7 Bxb4 28. Bxb4 Rxb4 29. Kf2) 23... Nh6 24. Qd3 R4a6 25. Nd4 ({Don't blunder} 25. Qxb5 $2 Rb6 $19) 25... c6 26. Rcb1 Nf5 27. Bc1 Ra4 {aiming for ...Bxb4!} 28. Bd2 R8a6 29. g3 Ne7 30. Kg2 g6 31. Bc1 (31. Rb3 $11) 31... Nc8 {Strongly threatening ...Bxb4!} 32. Qc3 Ne7 33. Qd3 Ra8 34. Rb3 {The position is equal.} Nf5 {Hoping for ...Bxb4!} 35. Rab1 Rc8 36. Rc3 Ra7 {Precision: White = 58%, Black = 62%.} 1/2-1/2

[Event "50th-ITA-ch-Teams-2018"]
[Site "Gallipoli"]
[Date "2018.05.01"]
[Round "7"]
[White "Borgo, Giulio"]
[Black "Colmenares, Aurelio"]
[Result "1-0"]
[WhiteElo "2397"]
[BlackElo "2385"]
[Annotator "TA"]
[PlyCount "73"]
[EventDate "2018.??.??"]
[EventType "team-tourn"]
[EventCountry "ITA"]
[SourceTitle "playchess.com"]
[Source "ChessBase"]
[SourceQuality "1"]

{[%evp 10,73,33,10,13,14,34,34,34,23,23,33,41,16,29,10,27,13,21,0,75,0,10,-14,-6,-15,10,10,5,5,26,33,40,11,31,31,31,31,34,34,36,43,114,0,0,0,6,13,19,28,27,28,60,28,18,0,0,0,5,0,150,143,795,795,706,-942]} 1. Nf3 Nf6 2. g3 d5 3. Bg2 b5 4. O-O e6 5. d3 Bb7 6. e4 dxe4 {A05: Réti Opening: 1 Nf3 Nf6} 7. Ng5 h6 8. Nxe4 Nxe4 {White is slightly better.} 9. Bxe4 Bxe4 10. dxe4 Nd7 11. Qe2 a6 12. Nd2 $146 ({Predecessor:} 12. a4 c6 13. Rd1 Bc5 14. Nd2 {0-1 (29) Guimaraes,W (2217)-Kjartansson,G (2438) Florianopolis 2018}) 12... Bc5 13. Nf3 O-O 14. Bf4 Qf6 (14... Bd6 $11) 15. c3 (15. Rad1 $16 Nb6 16. c3 (16. Bxc7 Qxb2 17. Be5 Qxa2 $15)) 15... e5 $11 16. Bd2 Rfd8 17. a4 Nb6 18. axb5 axb5 19. Rxa8 Nxa8 20. Kg2 c6 21. Be3 Bxe3 22. Qxe3 Qd6 23. Ra1 Nc7 24. Qb6 Ne6 25. Ra7 Rb8 {[#]} (25... Ng5 $14) 26. Qe3 ({White has to play} 26. Rd7 $1 $16 {[%mdl 512]}) 26... Rd8 27. h4 {[%cal Bh2h4,Bh4h5][%mdl 32]} Nc5 28. h5 Na4 29. b3 {[%cal Bb2b3,Bb3b4][%mdl 32]} Nc5 30. b4 Na4 31. Nh4 (31. c4 $5) 31... Qd1 32. Rc7 Qxh5 33. Rxc6 Qd1 34. Qf3 $40 {[%mdl 128] White mounts an attack.} Qd7 {[#]} (34... Qxf3+ $11 35. Nxf3 f6) 35. Nf5 $1 $16 Kh7 $2 {[%mdl 8192]} (35... Qd1 $16) 36. Rd6 $18 Qxd6 37. Qg4 $4 {[%mdl 40960] Precision: White = 41%, Black = 41%. . Loss on Time!?} (37. Nxd6 $18 Rxd6 38. Qxf7) 1-0

[Event "50th-ITA-ch-Teams-2018"]
[Site "Gallipoli"]
[Date "2018.05.01"]
[Round "7"]
[White "Collutiis, Duilio"]
[Black "Basso, Pier Luigi"]
[Result "1-0"]
[WhiteElo "2387"]
[BlackElo "2459"]
[Annotator "TA"]
[PlyCount "105"]
[EventDate "2018.??.??"]
[EventType "team-tourn"]
[EventCountry "ITA"]
[SourceTitle "playchess.com"]
[Source "ChessBase"]
[SourceQuality "1"]

{[%evp 9,105,23,12,0,20,10,56,58,48,0,-4,-22,-10,-38,-18,-35,-18,-32,-6,-9,4,-58,-47,-47,-46,-68,-62,-88,-69,-66,-63,-98,-68,-67,-67,-94,-67,-70,0,-50,0,0,0,0,0,0,-6,-52,-54,-65,-9,-60,-57,-57,-52,-85,-86,-91,600,600,600,600,600,600,600,218,600,600,600,600,600,595,577,587,600,600,638,600,652,643,704,705,850,854,852,879,869,853,843,817,1973,1956,1756,29946,5210,5401,2117,1654]} 1. c4 c6 2. g3 d5 3. Nf3 dxc4 4. Bg2 Bf5 5. O-O e6 {LiveBook: 10 Games} 6. Nh4 $146 {A11: English Opening: 1...c6} ({Predecessor:} 6. a4 Nd7 7. Na3 Bxa3 8. Rxa3 Ngf6 9. Nh4 O-O 10. Nxf5 exf5 11. Qc2 Re8 12. Re3 Qa5 13. Qxc4 {1-0 (85) So,W (2789)-Aronian,L (2780) Leuven 2017}) 6... Bxb1 7. Rxb1 Qa5 8. b3 {White is slightly better.} c3 9. Qc2 (9. dxc3 $14 Nd7 10. Qc2) 9... cxd2 $1 $11 10. Bxd2 Bb4 11. a3 Bxd2 12. b4 $1 {[%cal Rb4a5]} Qc7 {...Bg5 is the strong threat.} 13. Qxd2 Nf6 14. b5 $1 O-O 15. bxc6 ({White should try} 15. Rfc1 $11) 15... Nxc6 $15 16. Rfc1 Rab8 17. Qe3 Rfc8 18. Nf3 {[%cal Bh4f3,Bf3d4,Bd4f5][%mdl 32]} Nd5 19. Qd2 Qe7 20. Qd3 Rd8 21. Qb3 {And now Rxc6! would win.} Na5 22. Qa4 {[#]} b6 $1 23. Nd4 Rbc8 (23... h5 $15) 24. Bxd5 exd5 25. Rxc8 $1 Rxc8 26. Nf5 $1 {[%cal Rf5e7]} Qe5 (26... Qxe2 $2 27. Qd4 $18) 27. Qd7 $1 {[%cal Rd7c8]} ({Much weaker is} 27. Nh6+ Kf8 $17) 27... Re8 28. Rd1 Qxe2 29. Rxd5 Qe6 (29... Qe1+ $15 30. Kg2 Qe6) 30. Rd6 ({Better is} 30. Qxa7 $11 g6 31. Nd6 Qxd5 32. Nxe8) 30... Qe1+ 31. Kg2 Qe4+ 32. f3 Qe2+ 33. Kh3 h5 $2 {[%mdl 8192] [#]} (33... g6 $17 34. Rd2 Qe6 35. Qxe6 fxe6 36. Nh6+ Kg7) 34. Rg6 $1 $18 {[%cal Rg6g7][%mdl 512]} Kf8 (34... fxg6 35. Qxg7#) 35. Qd6+ Re7 36. Rxg7 {White threatens Qd8+ and mate.} ({Weaker is} 36. Qxe7+ Qxe7 37. Nxe7 fxg6 $15) 36... Qe6 37. Qd8+ $40 {[%mdl 128] White wants a kill.} ({Worse is} 37. Qxe7+ Qxe7 38. Nxe7 Kxg7 $11) 37... Re8 38. Qg5 {[%csl Gg5][%cal Rg7g8]} Qxf5+ 39. Qxf5 {[%csl Gg7][%cal Rf5f7]} Kxg7 {[%mdl 4096] Endgame KQ-KRN} 40. Qg5+ Kf8 41. Qxh5 Re6 42. g4 Kg7 {Threatens to win with ...Rh6.} 43. Qg5+ Kh7 44. Kg3 Nc6 45. Qf4 Kg7 46. h4 {[%cal Bh2h4,Bh4h5][%mdl 32]} Ne7 47. h5 f6 48. Qd4 Re5 49. Qd7 a5 50. f4 Re3+ 51. Kf2 Re4 52. Kf3 Re1 53. g5 {Precision: White = 59%, Black = 46%.} 1-0

[Event "50th-ITA-ch-Teams-2018"]
[Site "Gallipoli"]
[Date "2018.05.01"]
[Round "7"]
[White "Zamengo, Fulvio"]
[Black "Piscopo, Pierluigi"]
[Result "1/2-1/2"]
[WhiteElo "2324"]
[BlackElo "2406"]
[Annotator "TA"]
[PlyCount "110"]
[EventDate "2018.??.??"]
[EventType "team-tourn"]
[EventCountry "ITA"]
[SourceTitle "playchess.com"]
[Source "ChessBase"]
[SourceQuality "1"]

{[%evp 23,110,28,43,43,43,41,43,39,39,39,42,35,86,86,90,78,89,81,77,77,89,90,83,69,88,64,70,42,64,64,64,64,64,64,64,64,91,12,18,6,8,0,0,0,5,6,183,162,173,175,189,191,289,300,279,237,254,157,125,138,73,0,0,0,0,0,0,0,0,0,0,0,0,0,0,0,0,0,0,0,0,0,0,0,0,0,0,0,0]} 1. e4 c5 2. Nf3 Nc6 3. d4 cxd4 4. Nxd4 e5 5. Nb5 {[%cal Bd4b5,Bb5a3,Ba3c4][%mdl 32]} d6 6. N1c3 a6 7. Na3 Be7 8. Be3 Nf6 9. Nc4 O-O 10. Nb6 Rb8 11. Be2 Be6 12. O-O {B33: Sicilian: Pelikan and Sveshnikov Variations} Nd7 {LiveBook: 5 Games} 13. Ncd5 Nxb6 (13... Bxd5 14. Nxd5 Bg5 15. c3 Bxe3 16. Nxe3 Nf6 17. Bf3 Qc7 18. Qd3 Rfd8 19. Rfd1 b5 {0-1 (59) Shchukin,D (2299)-Grachev,B (2649) St Petersburg 2015}) 14. Bxb6 {White is slightly better.} Qd7 15. a4 Bd8 16. Be3 Ne7 17. a5 $146 Nxd5 (17... Rc8 $14) 18. exd5 $16 Bf5 19. b4 Bg6 20. c4 f5 21. f4 exf4 22. Bxf4 Rc8 23. Rc1 Bf7 24. Qd3 Re8 25. Qf3 b6 26. axb6 Bxb6+ 27. Kh1 a5 28. bxa5 Bxa5 29. Bd3 Bb4 30. Qg3 ({White should play} 30. h4 $16) 30... Bg6 $11 31. h4 Ra8 32. Ra1 Rxa1 33. Rxa1 Bh5 34. Be3 {[#] Strongly threatening Ra7.} Bc5 $2 (34... Qe7 $11 35. Bd4 g6) 35. Bxc5 $18 dxc5 36. Qf2 Qe7 37. Bxf5 Rf8 (37... Qf6 {was called for.} 38. Ra2 Bf7) 38. Be6+ Kh8 39. Ra7 Qd6 40. Rd7 Qb8 {[#]} 41. Rb7 $1 {[%cal Rb7b8]} Qd6 42. Rb6 (42. Qe1 $16) 42... Qd8 $36 {[%mdl 2048] The position is equal. White is under pressure.} 43. Qxc5 {And now Qd4 would win.} Rf1+ 44. Kh2 Qxh4+ 45. Bh3 {Threatening mate with Qc8+.} Qf4+ 46. g3 Rf2+ $1 47. Bg2 Rxg2+ $1 48. Kxg2 {[%mdl 4096] Endgame White wants to mate with Qc8+. KQR-KQB} Qf3+ 49. Kh2 {Qc8+ would kill now.} Qe2+ 50. Kg1 {[%cal Rc5f8]} Qe1+ 51. Kg2 {[%cal Rc5f8]} Qe4+ $1 52. Kg1 {[%cal Rc5f8]} Qe1+ 53. Kg2 {[%cal Rc5f8]} Qe4+ $1 54. Kh2 {[%cal Rc5f8]} Qe2+ 55. Kg1 {[%cal Rc5f8]} Qe1+ {Precision: White = 68%, Black = 72%.} 1/2-1/2

[Event "50th-ITA-ch-Teams-2018"]
[Site "Gallipoli"]
[Date "2018.05.01"]
[Round "7"]
[White "Sgnaolin, Davide"]
[Black "Trabattoni, Franco"]
[Result "1/2-1/2"]
[WhiteElo "2275"]
[BlackElo "2299"]
[Annotator "TA"]
[PlyCount "81"]
[EventDate "2018.??.??"]
[EventType "team-tourn"]
[EventCountry "ITA"]
[SourceTitle "playchess.com"]
[Source "ChessBase"]
[SourceQuality "1"]

{[%evp 15,81,12,16,0,7,0,0,0,26,0,103,16,35,25,60,29,37,5,89,89,92,92,116,107,120,113,133,26,33,27,33,14,26,0,0,0,44,-23,0,0,0,0,0,0,0,0,0,0,0,0,0,0,0,0,0,0,0,-14,-14,-22,-10,-15,0,-11,-8,-8,-8,-39]} 1. e4 e5 2. Nf3 Nc6 3. Bc4 Bc5 4. c3 Nf6 5. d3 d6 6. Bb3 h6 7. h3 {C54: Giuoco Piano: 4 c3 Nf6, main lines with 5 d4 and 5 d3} (7. Nbd2 O-O 8. h3 a5 9. O-O Be6 10. Bc2 b5 11. Re1 Qb8 12. Nb3 Bb6 13. a4 Qa7 14. Be3 Bxe3 15. Rxe3 bxa4 {½-½ (42) Ter Sahakyan,S (2563)-Petrosyan,M (2570) Yerevan 2018}) 7... Bb6 8. Nbd2 O-O {LiveBook: 6 Games} 9. Nf1 d5 10. Qe2 dxe4 11. dxe4 Nh5 12. g3 (12. g4 {is interesting.} Nf4 13. Bxf4 exf4 14. g5 hxg5 15. Rg1) 12... Qe7 {[#]} (12... Qd6 $11) 13. Ne3 (13. Nh4 $1 $16 Qf6 14. Qxh5 Qxf2+ 15. Kd1) 13... Bxe3 $146 ({Predecessor:} 13... Nf6 14. Nh4 Rd8 {1-0 (51) Lederle,V (2200)-Stips,F (2315) Rosenheim 2014}) 14. Bxe3 {Black must now prevent Nh4.} Be6 15. Nd2 Nf6 16. g4 Nh7 (16... Rfd8 $11) 17. h4 $16 f6 18. O-O-O a5 19. Rdg1 {Threatens to win with g5!} a4 20. Bxe6+ Qxe6 21. Qc4 ({White should try} 21. a3 $16) 21... Qxc4 $11 22. Nxc4 b5 23. Nd2 Rad8 24. g5 fxg5 25. hxg5 hxg5 26. f3 ({White should play} 26. Rg3 $14) 26... Rd3 27. Bxg5 {The position is equal.} Nxg5 28. Rxg5 Rfd8 29. Rg2 a3 30. Kc2 axb2 31. Rhg1 Kf8 32. Nb3 Rxf3 33. Kxb2 Rf7 34. Nc5 {[#] Strongly threatening Ne6+.} Rd6 35. Rh1 Rdf6 36. Rd2 {Threatening mate with Rh8+.} Rf2 37. Rh2 Rxh2 38. Rxh2 Kg8 39. Kb3 Rf6 40. Rd2 g6 41. Rg2 {Precision: White = 43%, Black = 50%.} 1/2-1/2